000
00258nam a22001217a 4500
008
181008b xxu||||| |||| 00| 0 eng d
041
_a
eng
080
_a
370
100
_a
46
101
_a
edu
245
_a
Magnetic Cooling
_c
Grreet.c.cb
942
_2
udc
_c
BK
999
_c
49009
_d
49009